Manual of radiographic technique / (Record no. 1466)

MARC details
000 -LEADER
fixed length control field 00984nam a2200277 a 4500
001 - CONTROL NUMBER
control field 4307844
003 - CONTROL NUMBER IDENTIFIER
control field OSt
005 - DATE AND TIME OF LATEST TRANSACTION
control field 20150415134522.0
008 - FIXED-LENGTH DATA ELEMENTS--GENERAL INFORMATION
fixed length control field 861031s1986 sz a f i000 0 eng
010 ## - LIBRARY OF CONGRESS CONTROL NUMBER
LC control number 86220013
020 ## - INTERNATIONAL STANDARD BOOK NUMBER
International Standard Book Number 9241541792 (pbk.) :
Terms of availability 30.00F
040 ## - CATALOGING SOURCE
Original cataloging agency DLC
Transcribing agency DLC
Modifying agency DLC
050 00 - LIBRARY OF CONGRESS CALL NUMBER
Classification number RC78
Item number .H598 1986
082 00 - DEWEY DECIMAL CLASSIFICATION NUMBER
Classification number WN 25 H73m 1986
Edition number 20
100 1# - MAIN ENTRY--PERSONAL NAME
Personal name Holm, T.
9 (RLIN) 3869
245 10 - TITLE STATEMENT
Title Manual of radiographic technique /
Statement of responsibility, etc. by T. Holm, P.E.S. Palmer, E. Lehtinen.
260 ## - PUBLICATION, DISTRIBUTION, ETC. (IMPRINT)
Place of publication, distribution, etc. Geneva :
Name of publisher, distributor, etc. World Health Organization ;
Place of publication, distribution, etc. Albany, NY :
Name of publisher, distributor, etc. WHO Publications Center USA [distributor],
Date of publication, distribution, etc. 1986.
300 ## - PHYSICAL DESCRIPTION
Extent 254 p. :
Other physical details ill. ;
Dimensions 30 cm.
500 ## - GENERAL NOTE
General note At head of title: World Health Organization basic radiological system.
650 #0 - SUBJECT ADDED ENTRY--TOPICAL TERM
Topical term or geographic name as entry element Radiography, Medical
General subdivision Handbooks, manuals, etc.
9 (RLIN) 3870
700 1# - ADDED ENTRY--PERSONAL NAME
Personal name Palmer, Philip E. S.
9 (RLIN) 3871
700 1# - ADDED ENTRY--PERSONAL NAME
Personal name Lehtinen, E.
9 (RLIN) 3872
906 ## - LOCAL DATA ELEMENT F, LDF (RLIN)
a 7
b cbc
c orignew
d 3
e ncip
f 19
g y-gencatlg
942 ## - ADDED ENTRY ELEMENTS (KOHA)
Source of classification or shelving scheme Other/Generic Classification Scheme
Koha item type Short Loan
Holdings
Withdrawn status Lost status Source of classification or shelving scheme Damaged status Not for loan Home library Current library Date acquired Source of acquisition Inventory number Total Checkouts Full call number Barcode Date last seen Price effective from Koha item type
    Other/Generic Classification Scheme     MUST Main Library MUST Main Library 15/04/2015   2001/16483   WN 25 H73m 1986 2015-0984 15/04/2015 15/04/2015 Short Loan